000 00548nam a2200193Ia 4500
005 20250508150908.0
008 008 250505s9999 xx 000 0 eng d
037 _aTextual
040 _aFEDL
_beng
_cFEDL
041 _aeng
_2eng
084 _a181.4, SCH
_qFEDL
100 _aSchweitzer Albert
245 0 _aIndian thought and its development
260 _aLondon, UK
_bAdam and Charles Black
_c1951
300 _axii,272p.
650 _aOriental Philosophy
_9755543
942 _cTEXL
_h181.4, SCH
999 _c1326347
_d1326347